1534 1802 1435 1895 1182 1571 1372 1507 1743 1985 1911 1925 1965 1497 1000 1021 1256 1462 1939 1127 1116 1440 1255 1857 1827 1750 1315 1959 1001 1572 1169 1537 1416 1118 1355 1476 1946 1961 1863 1198 1658 1426 1621 1252 1841 1625 1417 1436 1159 1187 1801 1987 1579 1946 1764 1129 1091 1395 1941 1335 1472 1790 1120 1722 1781 1795 1572 1326 1728 1591 1416 1914 1276 1220 1957 1997 1515 1317 1012 1915 1948 1374 1490 1669 1973 1710 1981 1896 1932 1473 1671 1317 1257 1821 1673 1063 1444 1139 1137 BCNSPRNW ULIB Ver.6.0+V

เปลี่ยนเป็นภาษาไทย

Change to English
 แสดงรายละเอียดบรรณานุกรม
  กลับหน้าหลัก

Brief Record : Get Marc (ISO 2709) : E-mail record : QR code < ปิดหน้าต่าง
LEADER : 00000nam 2200000uu 4500
001    13399113503
003     ULIB
008    111122s2552||||th 000 0 tha d
020    ^a9786160600182
090    ^aนว.^bล734จ 2552
100 0  ^aจวี้ยน
245 00 ^aจักรพรรดิบัญชา/^cจวี้ยน
250    ^aพิมพ์ครั้งที่ 1
260    ^aกรุงเทพฯ :^bแจ่มใส,^c2552
300    ^a315 หน้า
710 1  ^aแจ่มใส
945    ^p209^l0^i16292
995    ^aกัณชพร
999    ^aใช้งานได้ทุกระบบ
รายการนี้ยังไม่มีแท็ก
คุณยังไม่ได้ล็อกอิน คุณสามารถมีกิจกรรมร่วมกับเว็บไซต์ได้ แต่ต้องล็อกอินก่อน ::
  ล็อกอิน

รายการสื่อสารสนเทศ

ลำดับที่ ประเภท เลขเรียก/บาร์โค้ด สถานที่ สถานะ
1. นวนิยาย
นวนิยาย
นว. ล734จ 2552  
  Barcode: 16292
ห้องสมุดวิทยาเขตสวรรค์ประชารักษ์
►นวนิยาย
บนชั้น
  ขอยืม

BibComment


ยังไม่เคยถูกคอมเมนท์

คอมเมนท์ทรัพยากรรายการนี้
  คอมเมนท์: จักรพรรดิบัญชา จ..


 Copyright 2026. Bcnsprnw @Library